Statystyki dla Wiedźmin 1 Potwory

Kliknij tutaj aby rozwiązać quiz!

Ogólne statystyki

  • Ten quiz został rozwiązany 290 razy
  • Średni wynik to 19 z 42

Statystyki odpowiedzi

Potwory% Poprawnych
Utopiec
90%
Ghul
85%
Topielec
77%
Alghul
73%
Barghest
68%
Południca
60%
Alp
59%
Upiór
59%
Bruxa
57%
Północnica
57%
Wiverna
56%
Archespor
55%
Fleder
54%
Wilkołak
52%
Kikimora robotnica
51%
Bazyliszek
50%
Kikimora wojownik
50%
Strzyga
47%
Zjadarka
47%
Echinops
44%
Garkain
44%
Przeraza
44%
Cmentar
43%
Dagon
43%
Mutant
42%
Wiverna królewska
42%
Graveir
41%
Kuroliszek
41%
Zeugl
41%
Golem
39%
Królowa Kikimor
39%
Skolopendromorf
38%
Bloedzuiger
32%
Ifrit
29%
Vodyanoi
28%
Dziki Gon
27%
Ogar
26%
Mutant zabójca
20%
Upiorny Pies
18%
Bracia więksi
17%
Kościogłów
15%
Olbrzymi mutant
14%

Rozkład punktacji

Percentyl według liczby udzielonych odpowiedzi

Procent ludzi z każdym wynikiem

Twoja historia wyników

Nie rozwiązałeś tego quizu